[Event "Nizhnij Tagil Stone Flower-B"]
[Site "Nizhnij Tagil"]
[Date "2010.12.19"]
[Round "13"]
[White "Pershina, Elena"]
[Black "Kornev, Alexander"]
[Result "1-0"]
[WhiteElo "2035"]
[BlackElo "2269"]
[PlyCount "93"]
[EventDate "2010.12.11"]
[EventType "tourn"]
[EventRounds "12"]
[EventCountry "RUS"]
[SourceTitle "EXT 2022"]
[Source "ChessBase"]
[SourceDate "2021.10.06"]
[SourceVersion "1"]
[SourceVersionDate "2021.10.06"]
[SourceQuality "1"]

1. c4 c5 2. Nf3 Nc6 3. d4 cxd4 4. Nxd4 Nf6 5. Nc3 e6 6. e4 Bb4 7. Nxc6 dxc6 8. Qxd8+ Kxd8 9. e5 Ne4 10. Bd2 Nxd2 11. 0-0-0 Bxc3 12. bxc3 c5 13. Rxd2+ Kc7 14. Bd3 Bd7 15. Be4 Ba4 16. h4 Rad8 17. Rh3 Rd7 18. Rf3 Rxd2 19. Kxd2 Be8 20. Ke3 Rf8 21. Rg3 g6 22. h5 Bc6 23. Bc2 gxh5 24. Bxh7 h4 25. Rg7 Kd8 26. f3 Ke7 27. Bc2 Rh8 28. Rh7 Rxh7 29. Bxh7 f5 30. exf6+ Kxf6 31. Kf4 b5 32. Kg4 b4 33. cxb4 cxb4 34. Kxh4 Ke5 35. g4 Bxf3 36. g5 a5 37. Bc2 Be2 38. c5 Bf3 39. Ba4 Bd5 40. g6 Kf6 41. Kh5 Be4 42. Be8 a4 43. Kh6 Bxg6 44. Bxg6 Ke5 45. Bc2 Kd5 46. Bxa4 Kxc5 47. Kg5 1-0

[Event "Nizhnij Tagil Stone Flower-B"]
[Site "Nizhnij Tagil"]
[Date "2010.12.12"]
[Round "3"]
[White "Semenova, Elena"]
[Black "Kornev, Alexander"]
[Result "1-0"]
[WhiteElo "2129"]
[BlackElo "2269"]
[PlyCount "103"]
[EventDate "2010.12.11"]
[EventType "tourn"]
[EventRounds "12"]
[EventCountry "RUS"]
[SourceTitle "EXT 2022"]
[Source "ChessBase"]
[SourceDate "2021.10.06"]
[SourceVersion "1"]
[SourceVersionDate "2021.10.06"]
[SourceQuality "1"]

1. e4 c5 2. Ne2 d6 3. g3 Nc6 4. Bg2 Nf6 5. 0-0 e6 6. h3 Be7 7. f4 0-0 8. d3 Rb8 9. g4 h6 10. Ng3 Qb6 11. c3 e5 12. f5 c4+ 13. Kh1 cxd3 14. Qxd3 Qd8 15. Rd1 b5 16. Nd2 b4 17. c4 Nd4 18. Nb3 Nxb3 19. axb3 Qc7 20. Be3 a5 21. Qd2 Kh7 22. Bf3 Rh8 23. h4 Bb7 24. Kg2 Kg8 25. g5 hxg5 26. hxg5 Ne8 27. Rh1 d5 28. Rxh8+ Kxh8 29. Rh1+ Kg8 30. Kf1 Bc5 31. Qh2 Kf8 32. Qh8+ Ke7 33. f6+ gxf6 34. gxf6+ Kd7 35. Bg4+ Kc6 36. Bxc5 Kxc5 37. exd5 Nd6 38. Qh6 Kb6 39. Qe3+ Ka6 40. c5 Ne8 41. c6 Bc8 42. Be2+ Rb5 43. Qc5 Qb8 44. Qxb5+ Qxb5 45. Bxb5+ Kxb5 46. Ne4 Bf5 47. Ng5 Bg6 48. Nxf7 Bxf7 49. Rh7 Bxd5 50. c7 Nd6 51. Rd7 Bxb3 52. Rxd6 1-0

[Event "Nizhnij Tagil Stone Flower-A"]
[Site "Nizhnij Tagil"]
[Date "2009.12.14"]
[Round "11"]
[White "Baraeva, Marina"]
[Black "Kornev, Alexander"]
[Result "1/2-1/2"]
[WhiteElo "2062"]
[BlackElo "2291"]
[PlyCount "29"]
[EventDate "2009.12.07"]
[EventType "tourn"]
[EventRounds "12"]
[EventCountry "RUS"]
[SourceTitle "EXT 2022"]
[Source "ChessBase"]
[SourceDate "2021.10.06"]
[SourceVersion "1"]
[SourceVersionDate "2021.10.06"]
[SourceQuality "1"]

1. d4 Nf6 2. Nc3 c5 3. d5 d6 4. e4 g6 5. Nf3 Bg7 6. Bd3 0-0 7. 0-0 Nbd7 8. a4 Qa5 9. Bd2 Ng4 10. Be2 Nge5 11. Nxe5 Bxe5 12. Nb5 Qd8 13. Bc3 a6 14. Bxe5 Nxe5 15. Na3 1/2-1/2

[Event "Nizhnij Tagil Stone Flower-A"]
[Site "Nizhnij Tagil"]
[Date "2009.12.12"]
[Round "8"]
[White "Matveev, Vladimir1111"]
[Black "Kornev, Alexander"]
[Result "0-1"]
[WhiteElo "2267"]
[BlackElo "2291"]
[PlyCount "76"]
[EventDate "2009.12.07"]
[EventType "tourn"]
[EventRounds "12"]
[EventCountry "RUS"]
[SourceTitle "EXT 2022"]
[Source "ChessBase"]
[SourceDate "2021.10.06"]
[SourceVersion "1"]
[SourceVersionDate "2021.10.06"]
[SourceQuality "1"]

1. d4 Nf6 2. c4 e5 3. d5 Bc5 4. Nc3 d6 5. e4 c6 6. Bg5 cxd5 7. cxd5 a6 8. Qd2 b5 9. Bd3 h6 10. Bh4 Nbd7 11. Nf3 Nf8 12. a4 b4 13. Na2 Ng6 14. Bg3 a5 15. Nc1 Bd7 16. 0-0 Nh5 17. Nb3 Bb6 18. Bb5 Bxb5 19. axb5 Qd7 20. Rfc1 Qxb5 21. Rc6 Ne7 22. Rxd6 Nxg3 23. Rxb6 Qxb6 24. hxg3 Ng6 25. Rc1 a4 26. Rc6 Qb5 27. Nc1 0-0 28. Na2 b3 29. Nc3 Qb7 30. Nb1 Rfc8 31. Qc3 Rxc6 32. dxc6 Qc7 33. Qc4 Ne7 34. Nc3 Qxc6 35. Nxe5 Qxc4 36. Nxc4 Nc6 37. Nb6 a3 38. bxa3 Rxa3 0-1

[Event "Nizhnij Tagil Stone Flower-A"]
[Site "Nizhnij Tagil"]
[Date "2009.12.07"]
[Round "1"]
[White "Kornev, Alexander"]
[Black "Matveev, Vladimir1111"]
[Result "1/2-1/2"]
[WhiteElo "2291"]
[BlackElo "2267"]
[PlyCount "99"]
[EventDate "2009.12.07"]
[EventType "tourn"]
[EventRounds "12"]
[EventCountry "RUS"]
[SourceTitle "EXT 2022"]
[Source "ChessBase"]
[SourceDate "2021.10.06"]
[SourceVersion "1"]
[SourceVersionDate "2021.10.06"]
[SourceQuality "1"]

1. e4 d6 2. d4 Nf6 3. Nc3 g6 4. Be3 a6 5. Bc4 b5 6. Bb3 Bb7 7. f3 Nbd7 8. a4 c6 9. Nh3 Bg7 10. Qd2 0-0 11. 0-0 Rc8 12. axb5 cxb5 13. Rad1 Nb6 14. e5 Nfd5 15. Bxd5 Nxd5 16. Nxd5 Bxd5 17. Bh6 dxe5 18. Bxg7 Kxg7 19. dxe5 Qb6+ 20. Kh1 Rfd8 21. Qg5 Bc4 22. Rfe1 Rxd1 23. Rxd1 Rd8 24. Re1 f6 25. exf6+ exf6 26. Qf4 Qd6 27. Qc1 Qd2 28. Kg1 g5 29. Nf2 a5 30. b3 Qxc1 31. Rxc1 Bf7 32. Ra1 Ra8 33. Ne4 a4 34. bxa4 bxa4 35. Ra3 Be8 36. Kf2 Kg6 37. Ke3 f5 38. Nc5 f4+ 39. Kd4 Rd8+ 40. Kc3 Rd1 41. Nxa4 Rg1 42. Nc5 Rxg2 43. Ne4 Kh6 44. Ra5 Bg6 45. Kd4 Bxe4 46. Kxe4 Rxc2 47. h4 gxh4 48. Ra6+ Kg5 49. Ra5+ Kg6 50. Ra6+ 1/2-1/2

[Event "Nizhnij Tagil op"]
[Site "Nizhnij Tagil"]
[Date "2008.12.09"]
[Round "5"]
[White "Kaiyrbekov, Rustam"]
[Black "Kornev, Alexander"]
[Result "1-0"]
[WhiteElo "2360"]
[BlackElo "2327"]
[PlyCount "75"]
[EventDate "2008.12.06"]
[EventType "swiss"]
[EventRounds "11"]
[EventCountry "RUS"]
[SourceTitle "EXT 2010"]
[Source "ChessBase"]
[SourceDate "2010.11.25"]
[SourceVersion "1"]
[SourceVersionDate "2010.11.25"]
[SourceQuality "1"]

1. d4 d5 2. Nf3 Nf6 3. c4 e6 4. Nc3 c5 5. cxd5 Nxd5 6. e4 Nxc3 7. bxc3 cxd4 8. cxd4 Nc6 9. Be2 Bb4+ 10. Bd2 Qa5 11. Bxb4 Qxb4+ 12. Qd2 Qxd2+ 13. Kxd2 0-0 14. Rhc1 Rd8 15. Ke3 Bd7 16. Rab1 Rab8 17. Bb5 f6 18. Rc5 Kf8 19. Rbc1 a6 20. Bd3 Rdc8 21. a3 Ne7 22. Rb1 Rxc5 23. dxc5 Nc6 24. Nd2 e5 25. Bc4 Ke7 26. Bd5 Na5 27. Nb3 Nxb3 28. Rxb3 Bc8 29. Rb6 Kd7 30. Kd3 Kc7 31. Kc4 Bd7 32. g3 Bc8 33. h4 Bd7 34. f4 Bb5+ 35. Kc3 Bd7 36. h5 exf4 37. gxf4 h6 38. e5 1-0

[Event "Ekaterinburg 09"]
[Site "Ekaterinburg"]
[Date "2008.09.15"]
[Round "1"]
[White "Kornev, Alexander"]
[Black "Kaliberda, Vladimir"]
[Result "1/2-1/2"]
[WhiteElo "2314"]
[BlackElo "2328"]
[PlyCount "20"]
[EventDate "2008.09.15"]
[EventType "tourn"]
[EventRounds "11"]
[EventCountry "RUS"]
[EventCategory "1"]
[SourceTitle "EXT 2010"]
[Source "ChessBase"]
[SourceDate "2010.11.25"]
[SourceVersion "1"]
[SourceVersionDate "2010.11.25"]
[SourceQuality "1"]

1. e4 e5 2. Nf3 Nf6 3. Nxe5 d6 4. Nf3 Nxe4 5. Qe2 Qe7 6. d3 Nf6 7. Bg5 Nbd7 8. Nc3 Qxe2+ 9. Bxe2 Be7 10. 0-0-0 0-0 1/2-1/2

[Event "Izmailov Memorial 12th"]
[Site "Tomsk"]
[Date "2008.07.11"]
[Round "8"]
[White "Shkurikhin, Ilia"]
[Black "Kornev, Alexander"]
[Result "1/2-1/2"]
[WhiteElo "2413"]
[BlackElo "2314"]
[PlyCount "82"]
[EventDate "2008.07.04"]
[EventType "tourn"]
[EventRounds "9"]
[EventCountry "RUS"]
[EventCategory "2"]
[SourceTitle "EXT 2009"]
[Source "ChessBase"]
[SourceDate "2008.11.26"]
[SourceVersion "1"]
[SourceVersionDate "2008.11.26"]
[SourceQuality "1"]

1. d4 Nf6 2. Nf3 g6 3. c4 Bg7 4. g3 0-0 5. Bg2 c6 6. 0-0 d5 7. Nbd2 Ne4 8. b3 a5 9. Bb2 a4 10. bxa4 Nc5 11. Rb1 Nxa4 12. Ba1 Nb6 13. cxd5 Nxd5 14. e4 Nf6 15. Qc2 Qa5 16. Rb2 Qa4 17. Nb3 Na6 18. Ne5 Nd7 19. Qc4 Nb6 20. Qxa4 Nxa4 21. Rd2 Rd8 22. d5 cxd5 23. exd5 N6c5 24. Nxc5 Nxc5 25. Bd4 Nd7 26. Nc6 bxc6 27. Bxg7 Nb6 28. d6 Rxd6 29. Rxd6 exd6 30. Bxc6 Rxa2 31. Bd4 Bd7 32. Rc1 Bxc6 33. Rxc6 Nd7 34. Rxd6 Nf8 35. Rd8 Rd2 36. Kf1 f5 37. Ke1 Rc2 38. Be5 Kf7 39. Bd6 Ne6 40. Rd7+ Kg8 41. Be7 Rc7 1/2-1/2

[Event "Izmailov Memorial 12th"]
[Site "Tomsk"]
[Date "2008.07.07"]
[Round "4"]
[White "Bragin, Aleksandr Borisovic"]
[Black "Kornev, Alexander"]
[Result "1/2-1/2"]
[WhiteElo "2217"]
[BlackElo "2314"]
[PlyCount "98"]
[EventDate "2008.07.04"]
[EventType "tourn"]
[EventRounds "9"]
[EventCountry "RUS"]
[EventCategory "2"]
[SourceTitle "EXT 2009"]
[Source "ChessBase"]
[SourceDate "2008.11.26"]
[SourceVersion "1"]
[SourceVersionDate "2008.11.26"]
[SourceQuality "1"]

1. b3 e5 2. Bb2 Nc6 3. c4 Nf6 4. e3 Be7 5. a3 a5 6. d3 0-0 7. Nf3 d6 8. Nbd2 Re8 9. Be2 Bf8 10. Qc2 g6 11. 0-0 Bg7 12. h3 Qe7 13. Rfd1 Bd7 14. Ng5 Rad8 15. Bf3 Bc8 16. Rab1 d5 17. cxd5 Nxd5 18. Nge4 Bf8 19. Rbc1 Qh4 20. Ng3 Nxe3 21. fxe3 Qxg3 22. Ne4 Qh4 23. Qc4 Qe7 24. Rf1 Bh6 25. Nf6+ Qxf6 26. Bxc6 Bxe3+ 27. Kh1 Bf5 28. Bxe8 Bxc1 29. Bxe5 Qe6 30. Qxe6 Bxe6 31. Bxf7+ Bxf7 32. Rxc1 c6 33. Rc3 Rd5 34. d4 Rb5 35. Rc5 Rxb3 36. Rxa5 Bd5 37. Kg1 Rb1+ 38. Kf2 Rb2+ 39. Ke3 Bxg2 40. Ra8+ Kf7 41. Rh8 Ke6 42. h4 Rb3+ 43. Kf2 Rb2+ 44. Ke3 h5 45. Rg8 Rb3+ 46. Kf4 Kd5 47. Rxg6 Bf3 48. Rg3 Bd1 49. Rxb3 Bxb3 1/2-1/2

[Event "Izmailov Memorial op 12th"]
[Site "Tomsk"]
[Date "2008.06.27"]
[Round "3"]
[White "Kornev, Alexander"]
[Black "Nevostrujev, Vladimir"]
[Result "0-1"]
[WhiteElo "2314"]
[BlackElo "2466"]
[PlyCount "72"]
[EventDate "2008.06.25"]
[EventType "swiss"]
[EventRounds "9"]
[EventCountry "RUS"]
[SourceTitle "CBM 125 Extra"]
[Source "ChessBase"]
[SourceDate "2008.09.01"]
[SourceVersion "1"]
[SourceVersionDate "2008.09.01"]
[SourceQuality "1"]

1. e4 c5 2. Nf3 d6 3. d4 cxd4 4. Nxd4 Nf6 5. Nc3 a6 6. Bg5 e6 7. f4 Qb6 8. a3 Be7 9. Qd2 h6 10. Bxf6 Bxf6 11. 0-0-0 Bd7 12. Nf3 Bc6 13. e5 dxe5 14. Nxe5 Bxe5 15. fxe5 Nd7 16. Qf4 Qc7 17. Rd6 Qa5 18. Rxd7 Bxd7 19. Bd3 Bc6 20. Rf1 0-0-0 21. Qg3 f6 22. Qxg7 Qxe5 23. Qxf6 Qe3+ 24. Kb1 Bxg2 25. Rf4 Rhf8 26. Rc4+ Kb8 27. Qg7 Bc6 28. Be4 Bxe4 29. Rxe4 Qg5 30. Qh7 Qc1+ 31. Ka2 Qxc2 32. Qg7 Qxh2 33. Rxe6 Rf2 34. Ne4 Re2 35. Nc5 Rxb2+ 36. Qxb2 Rd2 0-1

[Event "Novokuznetsk Goriainov Memorial op"]
[Site "Novokuznetsk"]
[Date "2007.08.14"]
[Round "9"]
[White "Kornev, Alexander"]
[Black "Epifantsev, Igor"]
[Result "1-0"]
[WhiteElo "2336"]
[BlackElo "2195"]
[PlyCount "101"]
[EventDate "2007.08.14"]
[EventType "swiss"]
[EventRounds "9"]
[EventCountry "RUS"]
[SourceTitle "EXT 2009"]
[Source "ChessBase"]
[SourceDate "2008.11.26"]
[SourceVersion "1"]
[SourceVersionDate "2008.11.26"]
[SourceQuality "1"]

1. e4 c5 2. Nf3 d6 3. d4 cxd4 4. Nxd4 Nf6 5. Nc3 Nc6 6. Bc4 e6 7. Be3 a6 8. Bb3 Qc7 9. Qe2 Na5 10. g4 b5 11. g5 b4 12. gxf6 bxc3 13. Ba4+ Bd7 14. Bxd7+ Qxd7 15. fxg7 Bxg7 16. b3 Nc6 17. Nxc6 Qxc6 18. Rg1 Bf6 19. Qd3 Ke7 20. Ke2 Qb5 21. Bg5 Rhd8 22. a4 Qc5 23. Bxf6+ Kxf6 24. Qh3 Ke7 25. Qh4+ Kd7 26. Rg7 Kc6 27. Rxf7 Qe5 28. Qf4 Qh5+ 29. Qf3 Qe5 30. Rd1 Rf8 31. Rxd6+ Kxd6 32. Rxf8 Rxf8 33. Qxf8+ Kd7 34. Qf7+ Kd6 35. Qxh7 Qf4 36. e5+ Qxe5+ 37. Kd3 Qd5+ 38. Kxc3 Qc5+ 39. Kd3 Qxf2 40. h4 Qf1+ 41. Kd2 Qf4+ 42. Ke2 Qg4+ 43. Ke1 e5 44. h5 Qg3+ 45. Kd1 Qf3+ 46. Kc1 e4 47. h6 Qf1+ 48. Kb2 e3 49. Qg6+ Kd5 50. h7 Qh3 51. Qd3+ 1-0